| LEADER 00000nam 2200000uu 4500 |
| 001 13399113788 |
| 003 BCNR |
| 008 101104s2553||||th 000 0 tha d |
| 041 0 tha
|
| 060 04 WA540.JT3 ^bค752ก 2553
|
| 111 2 การประชุมวิชาการระบบข้อมูลข่าวสารแห่งชาติ^n(ครั้งที่ 1 :^d2553 :^cกรุงเทพฯ)
|
| 245 10 การประชุมวิชาการระบบข้อมูลข่าวสารแห่งชาติ ครั้งที่ 1 ข้อมูลสุขภาพเข้มข้นสุขภาพชุมชนเข้มแข็ง :^bWealthy information for healthy communities วันที่ 17 - 19 กุมภาพันธ์ 2553 ณ โรงแรมมิราเคิล แกรนด์ คอนเวนชั่น กรุงเทพมหานคร /^cจัดโดย เครือข่ายระบบข้อมูลข่าวสารสุขภาพไทย
|
| 246 31 Wealthy information for healthy communities
|
| 250 พิมพ์ครั้งที่ 1
|
| 260 [กรุงเทพฯ] :^bเครือข่ายระบบข้อมูลข่าวสารสุขภาพไทย ,^c2553
|
| 300 0204หน้า, :^bภาพประกอบ ;^c29 ซม.
|
| 650 7 ระบบสุขภาพ^vการประชุม
|
| 999 ^aบรรณารักษ์
|